Estadísticas para Ciudades con las Economías más Grandes

Haz click aquí para tomar la prueba!

Estadísticas generales

  • Esta prueba ha sido tomada 2.058 veces
  • La puntuación promedio es 27 de 50

Estadísticas de respuestas

PIB
(mil millones)
Ciudad% Correcto
$1,403Nueva York
96%
$715París
95%
$836Londres
94%
$262Madrid
94%
$1,617Tokio
93%
$506Pekín
91%
$1,016Los Ángeles /
Riverside
88%
$553Moscú
88%
$316Buenos Aires
79%
$404Ciudad de
México
79%
$563Chicago
72%
$223Sidney
72%
$491San Francisco
69%
$431Sao Paulo
69%
$616Washington D.C. /
Baltimore
69%
$312Milán
68%
$263Miami
67%
$846Seúl
66%
$321Ámsterdam /
Róterdam
64%
$366Singapur
62%
$416Hong Kong
59%
$594Shanghái
59%
$254Bruselas
57%
$349Estambul
57%
$220Múnich
57%
$276Toronto
57%
$321Yakarta
57%
$360Boston
55%
$413Dallas
52%
$483Houston
52%
$671Osaka
52%
$307Bangkok
51%
$743Cantón / Shenzhen
48%
$279Bombay
46%
$230Fráncfort
46%
$327Taipéi
44%
$268Seattle
42%
$294Atlanta
38%
$347Filadelfia
36%
$364Nagoya
20%
$232Wuhan
20%
$372Tianjin
17%
$297Busan
15%
$211Minneapolis
14%
$233Chengdú
13%
$316Chongqing
9%
$220Hangzhou
7%
$209Qingdao
6%
$339Suzhou
5%
$212Wuxi
4%

Distribución de puntuación

Porcentaje por número respondido

Porcentaje de gente con cada puntuación

Historial de tus puntuaciones

No has tomado esta prueba